Plant transposons and genome dynamics in evolution (Record no. 45295)
[ view plain ]
| 000 -LEADER | |
|---|---|
| fixed length control field | 02078nam a2200361 a 4500 |
| 082 04 - DEWEY DECIMAL CLASSIFICATION NUMBER | |
| Classification number | 581.3/5 |
| 245 00 - TITLE STATEMENT | |
| Title | Plant transposons and genome dynamics in evolution |
| 250 ## - EDITION STATEMENT | |
| Edition statement | 1st ed. |
| 260 ## - PUBLICATION, DISTRIBUTION, ETC. (IMPRINT) | |
| Place of publication | Hoboken [N.J.] : |
| Name of publisher | Wiley-Blackwell, |
| Year of publication | 2013. |
| 300 ## - PHYSICAL DESCRIPTION | |
| Number of Pages | xvii, 212 p., [6] p. of plates : |
| Other physical details | ill. |
| 505 0# - FORMATTED CONTENTS NOTE | |
| Formatted contents note | The discovery of transposition / Nina V. Fedoroff -- A field guide to transposable elements / Alan H. Schulman and Thomas Wicker -- The mechanism of Ac/Ds transposition / Thomas Peterson and Jianbo Zhang -- McClintock and epigenetics / Nina V. Fedoroff -- Molecular mechanisms of transposon epigenetic regulation / Robert A. Martienssen and Vicki L. Chandler -- Transposons in plant gene regulation / Damon R. Lisch -- Imprinted gene expression and the contribution of transposable elements / Mary A. Gehring -- Transposons and gene creation / Hugo K. Dooner and Clifford F. Weil -- Transposons in plant speciation / Avraham A. Levy -- Transposons, genomic shock and genome evolution / Nina V. Fedoroff and Jeffrey L. Bennetzen. |
| 650 #0 - SUBJECT ADDED ENTRY--TOPICAL TERM | |
| Topical Term | Plant genetics. |
| Topical Term | Plant genomes. |
| Topical Term | Transposons. |
| Topical Term | Plants |
| 700 1# - ADDED ENTRY--PERSONAL NAME | |
| Personal name | Fedoroff, Nina V. |
| 856 40 - ELECTRONIC LOCATION AND ACCESS | |
| Uniform Resource Identifier | http://site.ebrary.com/lib/rucke/Doc?id=10648825 |
No items available.
